Beyond ideology : (Record no. 20987)
[ view plain ]
| 000 -LEADER | |
|---|---|
| fixed length control field | 01938cam a22003015a 4500 |
| 001 - CONTROL NUMBER | |
| control field | 15651905 |
| 005 - DATE AND TIME OF LATEST TRANSACTION | |
| control field | 20151026125248.0 |
| 008 - FIXED-LENGTH DATA ELEMENTS--GENERAL INFORMATION | |
| fixed length control field | 090306s2009 ilua frb 001 0 eng d |
| 020 ## - INTERNATIONAL STANDARD BOOK NUMBER | |
| International Standard Book Number | 9780226470764 (pbk. : alk. paper) |
| 020 ## - INTERNATIONAL STANDARD BOOK NUMBER | |
| International Standard Book Number | 0226470768 (pbk. : alk. paper) |
| 040 ## - CATALOGING SOURCE | |
| Original cataloging agency | ICU/DLC |
| Transcribing agency | DLC |
| Modifying agency | DLC |
| -- | EG-ScBUE |
| Language of cataloging | eng |
| 043 ## - GEOGRAPHIC AREA CODE | |
| Geographic area code | n-us--- |
| 082 04 - DEWEY DECIMAL CLASSIFICATION NUMBER | |
| Classification number | 328.73071 |
| Edition number | 22 |
| Item number | LEE |
| 100 1# - MAIN ENTRY--PERSONAL NAME | |
| Personal name | Lee, Frances E. |
| 9 (RLIN) | 38579 |
| 245 10 - TITLE STATEMENT | |
| Title | Beyond ideology : |
| Remainder of title | politics, principles, and partisanship in the U.S. Senate / |
| Statement of responsibility, etc | Frances E. Lee. |
| 260 ## - PUBLICATION, DISTRIBUTION, ETC. (IMPRINT) | |
| Place of publication, distribution, etc | Chicago ; |
| -- | London : |
| Name of publisher, distributor, etc | The University of Chicago Press, |
| Date of publication, distribution, etc | 2009. |
| 300 ## - PHYSICAL DESCRIPTION | |
| Extent | xiii, 250 p. : |
| Other physical details | ill. ; |
| Dimensions | 24 cm. |
| 500 ## - GENERAL NOTE | |
| General note | Index : p. 245-250. |
| 504 ## - BIBLIOGRAPHY, ETC. NOTE | |
| Bibliography, etc | Bibliography : p. [231]-244. |
| 505 0# - FORMATTED CONTENTS NOTE | |
| Formatted contents note | Ties that bind: untangling the roots of congressional partisanship -- Before 'ideology': a conceptual history -- Sources of party conflict: ideological disagreement and teamsmanship -- Dividers, not uniters: presidential leadership and legislative partisanship -- The partisan politics of good government -- Procedural partisanship: intra-party dealmaking and partisan bloc voting -- Agreeing to disagree, or disagreeing to agree: agenda content and rising -- Partisanship -- Beyond ideology: returning to politics -- Appendix A. Coding the presidential agenda status of roll-call votes -- Appendix B. Does party polarization on an issue topic increase the likelihood that presidents will include the issue on their agenda? -- Appendix C. Estimates of multinomial logit model of partisan voting patterns on Senate roll-call votes, 1981-2004. |
| 610 10 - SUBJECT ADDED ENTRY--CORPORATE NAME | |
| Corporate name or jurisdiction name as entry element | United States. |
| Subordinate unit | Congress. |
| -- | Senate. |
| 650 #0 - SUBJECT ADDED ENTRY--TOPICAL TERM | |
| Topical term or geographic name as entry element | Political parties |
| Geographic subdivision | United States. |
| Source of heading or term | BUEsh |
| 651 #0 - SUBJECT ADDED ENTRY--GEOGRAPHIC NAME | |
| Geographic name | United States |
| General subdivision | Politics and government |
| Chronological subdivision | 20th century. |
| Source of heading or term | BUEsh |
| 651 #0 - SUBJECT ADDED ENTRY--GEOGRAPHIC NAME | |
| Geographic name | United States |
| General subdivision | Politics and government |
| Chronological subdivision | 21st century. |
| Source of heading or term | BUEsh |
| 9 (RLIN) | 22791 |
| 653 ## - INDEX TERM--UNCONTROLLED | |
| Resource For college | BAEPS, Political Science |
| Arrived date list | October2015 |
| 655 ## - INDEX TERM--GENRE/FORM | |
| Form subdivision | Reading book |
| -- | 34232 |
| 942 ## - ADDED ENTRY ELEMENTS (KOHA) | |
| Source of classification or shelving scheme | Dewey Decimal Classification |
| Withdrawn status | Item status | Source of classification or shelving scheme | Damaged status | Not for loan | Vendor | Home library | Current library | Shelving location | Date acquired | Source of acquisition | Total Checkouts | Full call number | Barcode | Date last seen | Koha item type |
|---|---|---|---|---|---|---|---|---|---|---|---|---|---|---|---|
| Dewey Decimal Classification | Baccah | Central Library | Central Library | First floor | 26/10/2015 | Purchase | 328.73071 LEE | 000031183 | 15/07/2025 | Book - Borrowing | |||||
| Dewey Decimal Classification | Baccah | Central Library | Central Library | First floor | 26/10/2015 | Purchase | 328.73071 LEE | 000031184 | 15/07/2025 | Book - Borrowing |